| 000 | 00570nam a2200193 a 4500 | ||
|---|---|---|---|
| 001 | 000021227 | ||
| 005 | 20260417182716.0 | ||
| 008 | 100902s1971 sp r 000 p spa d | ||
| 040 |
_aDO-SdBNP _bspa _cBNPHU |
||
| 082 |
_a860 _bG675L |
||
| 100 | 1 |
_aGortari, Carlos _944370 |
|
| 245 | 1 | 0 |
_aLiteratura hispano americana / _cCarlos Gortari. |
| 260 |
_aMadrid : _bDoncel, _c1971. |
||
| 300 |
_a195, [4] p. ; _c18 cm. |
||
| 490 | 1 |
_aLibro joven de bolsillo _v3 |
|
| 650 | 0 |
_aLiteratura hispanoamericana _9318 |
|
| 830 | 0 |
_aLibro joven de bolsillo ; _v3 _912847 |
|
| 049 | _aBNGR | ||
| 999 |
_c20728 _d20728 |
||